[Event "Turkey IS Bank Super League 2017"]
[Site "Darica-Kocaeli"]
[Date "2017.07.30"]
[Round "5"]
[White "Najer, Evgeniy"]
[Black "Rozum, Ivan"]
[Result "1/2-1/2"]
[WhiteElo "2706"]
[BlackElo "2573"]
[Annotator "TA"]
[PlyCount "75"]
[EventType "team-tourn"]
[EventCountry "TUR"]
[SourceTitle "playchess.com"]
[Source "ChessBase"]
[SourceQuality "1"]

{[%evp 9,75,8,24,32,50,45,34,36,21,41,43,34,41,11,20,8,60,56,56,60,59,55,47,45,47,58,46,57,39,49,64,4,4,0,0,0,0,0,0,0,0,0,11,11,11,14,12,0,0,0,7,7,7,7,18,9,20,4,22,0,0,0,0,0,0,0,0,0]} 1. e4 c6 2. d4 d5 3. f3 g6 4. c3 Bg7 5. Na3 $146 ({Predecessor:} 5. Bg5 h6 6. Bh4 Qb6 7. Qd2 dxe4 8. fxe4 Nf6 9. Bd3 c5 10. e5 Nd5 11. Be4 Nc7 12. d5 Bxe5 {0-1 (36) Moiseenko,V (2527)-Turov,M (2587) Hamina 2016}) 5... e5 6. dxe5 {B12: Caro-Kann: Advance Variation} Bxe5 7. exd5 $1 cxd5 8. Bf4 {White is slightly better.} Bxf4 9. Qa4+ Nc6 10. Qxf4 Nge7 11. O-O-O Be6 12. Ne2 a6 ({Black should play} 12... Qa5 $11) 13. Nc2 $14 Qa5 14. a3 O-O-O 15. Ned4 Qc7 16. Qf6 Bf5 17. Nxf5 Qf4+ 18. Rd2 Qxf5 19. Qh4 Rd6 20. g3 (20. Bc4 $14) 20... Qxf3 $11 {The position is equal.} 21. Bh3+ Nf5 $1 22. Rhd1 Kb8 23. Qa4 {[#] Hoping for Bg4.} Qh5 24. Bg4 Qg5 25. h4 Qf6 (25... Qh6 $5 {[%cal Rf5g3]} 26. Bxf5 gxf5 $11) 26. Rf1 Qe5 27. Bxf5 gxf5 28. g4 fxg4 29. Qxg4 Rf6 30. Rxf6 Qxf6 31. Rxd5 Re8 32. Rf5 Qe6 33. Rg5 Qf6 34. Rg8 Qf1+ 35. Kd2 Qf2+ 36. Kd1 Qf1+ 37. Kd2 Qf2+ 38. Kd1 {Precision: White = 68%, Black = 63%.} 1/2-1/2

[Event "Turkey IS Bank Super League 2017"]
[Site "Darica-Kocaeli"]
[Date "2017.07.30"]
[Round "5"]
[White "Mamedov, Rauf"]
[Black "Ivanchuk, Vassily"]
[Result "1/2-1/2"]
[WhiteElo "2680"]
[BlackElo "2729"]
[Annotator "TA"]
[PlyCount "59"]
[EventType "team-tourn"]
[EventCountry "TUR"]
[SourceTitle "playchess.com"]
[Source "ChessBase"]
[SourceQuality "1"]

{[%evp 19,59,19,37,40,39,43,63,60,62,64,56,55,64,46,58,31,31,33,32,31,33,31,40,28,31,31,41,22,40,41,40,41,40,41,44,45,35,41,45,27,42,14]} 1. e4 c5 2. Nf3 d6 3. Bb5+ Bd7 4. Bxd7+ Nxd7 5. O-O Ngf6 6. Qe2 Rc8 7. c3 {B52: Sicilian: Moscow Variation with 3...Bd7} e6 8. d4 cxd4 9. cxd4 d5 10. e5 Ne4 {LiveBook: 10 Games} 11. Be3 Nb6 12. Ne1 {[%cal Bf3e1,Be1d3,Bd3f4][%mdl 32] f3 is the strong threat.} f5 $146 ({Predecessor:} 12... Nc4 13. Nd3 f5 14. f3 Ng5 15. Nc3 {1-0 (29) Wahls,M (2285)-Kasparov,G (2700) Hamburg 1985}) 13. f3 Ng5 14. b3 Nf7 15. Nd3 Nd7 16. Nd2 Be7 17. Rac1 O-O 18. Rxc8 Qxc8 19. Rc1 Qb8 20. Nf4 Re8 $1 21. g4 {[#] aiming for gxf5.} fxg4 22. fxg4 ({Don't play} 22. Nxe6 Ba3 $15) 22... Bg5 23. Nd3 Bxe3+ 24. Qxe3 Nd8 25. Nf4 Nc6 26. Nf3 Qd8 27. Rf1 Qe7 28. h4 Nf8 29. Rf2 Rc8 30. Kg2 {Precision: White = 55%, Black = 71%.} 1/2-1/2

[Event "Turkey IS Bank Super League 2017"]
[Site "Darica-Kocaeli"]
[Date "2017.07.30"]
[Round "5"]
[White "Markus, Robert"]
[Black "Krasenkow, Michal"]
[Result "1/2-1/2"]
[WhiteElo "2672"]
[BlackElo "2630"]
[Annotator "TA"]
[PlyCount "87"]
[EventType "team-tourn"]
[EventCountry "TUR"]
[SourceTitle "playchess.com"]
[Source "ChessBase"]
[SourceQuality "1"]

{[%evp 9,87,6,8,5,42,17,28,-22,27,6,15,15,27,8,24,18,41,0,0,0,0,-47,-57,-45,-52,-56,-61,-52,0,0,0,0,41,54,65,60,66,68,82,80,78,0,69,68,71,0,0,0,0,0,0,0,0,0,0,0,0,0,0,0,0,0,0,0,0,0,0,0,0,0,0,0,0,0,0,0,0,0,0,0]} 1. d4 Nf6 2. c4 g6 3. g3 c6 4. Bg2 d5 5. e3 dxc4 6. Nd2 {D71: Fianchetto Grünfeld: 3 g3 d5 sidelines and 5 cxd5 (without Nf3)} Be6 7. Qc2 $146 {[%mdl 1024] White has compensation.} ({Find the theoretical novelty and annotate with similar games:} 7. Ne2 Bh6 8. Qc2 b5 9. O-O O-O 10. b3 cxb3 11. axb3 a5 12. e4 Na6 13. Qxc6 {½-½ (32) Mamedyarov,S (2756)-Navara,D (2736) Reykjavik 2015}) 7... b5 8. Ngf3 {White has an edge.} Bh6 9. O-O O-O 10. b3 cxb3 11. axb3 a5 12. Ne5 Ra6 13. Ne4 Nxe4 14. Bxe4 Bd5 15. Bd2 Bxe4 16. Qxe4 c5 17. Bc3 cxd4 18. Bxd4 f6 (18... Bg7 $15) 19. Nd3 $1 $11 {[%cal Rd3c5] [#] Threatens to win with Nc5.} e5 20. Bc3 Rf7 {aiming for ...f5.} 21. Nc5 $36 {[%mdl 2048] White has good play.} Rc6 22. Bxa5 Qc8 23. Rfd1 Nd7 24. Bb4 f5 {[#]} 25. Qh4 (25. Qd5 $1 $16 Nb6 26. Qd8+ Bf8 27. Ra6) 25... Bf8 (25... Bg7 $11 26. Nxd7 Rxd7) 26. Nxd7 $14 Rxd7 27. Bxf8 (27. Rxd7 $16 Qxd7 28. Bxf8 Kxf8 29. e4) 27... Rxd1+ $11 {The position is equal.} 28. Rxd1 Rc1 $1 {[%cal Rc1d1]} 29. Rxc1 Qxc1+ 30. Kg2 Qc6+ 31. Kh3 {Threatening mate with Qe7.} Kxf8 32. Qxh7 {[%mdl 4096] Endgame Qh8+ is the strong threat. KQ-KQ} Qe6 33. f4 (33. Qh4 {feels hotter.} Kf7 34. Qb4 Qd5 35. Qc3 Kf6 36. f4) 33... exf4 34. exf4 Qxb3 35. Qxg6 Qb1 36. Qf6+ Ke8 37. Qe6+ Kd8 38. Qd6+ Kc8 39. Qc6+ Kd8 40. Qd6+ Kc8 41. g4 fxg4+ 42. Kxg4 Qg1+ 43. Kf5 {And now Qc6+ would win.} Qxh2 44. Qc6+ {Precision: White = 33%, Black = 67%.} 1/2-1/2

[Event "Turkey IS Bank Super League 2017"]
[Site "Darica-Kocaeli"]
[Date "2017.07.30"]
[Round "5"]
[White "Kuzubov, Yuriy"]
[Black "Zhigalko, Sergei"]
[Result "1/2-1/2"]
[WhiteElo "2646"]
[BlackElo "2648"]
[Annotator "TA"]
[PlyCount "140"]
[EventType "team-tourn"]
[EventCountry "TUR"]
[SourceTitle "playchess.com"]
[Source "ChessBase"]
[SourceQuality "1"]

{[%evp 18,140,29,18,19,0,17,14,27,27,31,25,53,55,54,0,0,0,-6,-24,0,0,0,-37,-26,-36,-13,-28,-36,-26,11,-27,13,37,27,-36,-43,-43,-25,-26,-26,-33,0,0,0,0,0,0,0,-14,0,-9,12,0,5,0,0,0,0,0,0,0,0,0,0,0,0,0,10,0,0,0,0,0,0,0,12,0,14,0,0,0,0,-256,-256,-256,-118,-164,-184,-142,-149,-120,0,-265,-222,-171,0,0,0,0,0,0,0,0,0,0,0,0,0,0,0,0,0,0,0,0,0,0,0,0,0,0,0,0,0]} 1. d4 Nf6 2. c4 e6 3. g3 c5 4. d5 exd5 5. cxd5 d6 6. Nc3 g6 7. Nf3 Bg7 8. Bg2 O-O 9. O-O Re8 10. Bf4 Bf5 {A62: Modern Benoni: Fianchetto Variation without early ...Nbd7} 11. Nh4 Bc8 12. Qc1 (12. Qd2 a6 13. a4 Qe7 14. h3 Nbd7 15. e4 Rb8 16. Nf3 b5 17. axb5 axb5 18. Rfe1 {½-½ (47) Inarkiev,E (2727)-Harikrishna,P (2750) Moscow 2017}) 12... a6 13. a4 b6 $146 ({Predecessor:} 13... Qc7 14. Nf3 Nbd7 15. a5 b5 16. axb6 Nxb6 17. Rd1 Rb8 18. b3 {½-½ (76) Ruiz Jarabo,F (2245)-Petrigin,M (2109) ICCF email 2013}) 14. Nf3 {[%cal Bh4f3,Bf3d2,Bd2c4][%mdl 32]} Ra7 15. Nd2 Nh5 16. Be3 (16. Nc4 $1 $14) 16... Nd7 $11 17. Nc4 Ne5 18. b3 Rb7 19. Bh6 Bh8 20. h3 b5 21. axb5 axb5 22. Nxe5 Bxe5 23. Ra8 Qb6 24. Ne4 Rb8 (24... f5 {seems wilder.} 25. Nd2 Rbe7 26. Nf3 Bh8 27. Re1 Ra7) 25. Rxb8 Qxb8 26. Bd2 (26. g4 $11 Nf6 27. Nd2) 26... b4 $15 27. Bg5 f5 $36 {[%mdl 2048] Black has the initiative.} 28. Nd2 Ba6 29. Re1 Nf6 30. e4 fxe4 31. Bxf6 Bxf6 32. Nxe4 Bd4 33. Bf1 Bb7 34. Bc4 Rf8 35. Re2 Rf5 36. Qh6 {Hoping for Ng5.} Qd8 (36... Bxd5 $6 37. Bxd5+ Rxd5 38. Ng5 $16) 37. g4 Bg7 38. Qd2 Re5 39. f4 Re7 40. Ng5 Bd4+ 41. Kh2 {Black should prevent Ne6.} Bc8 42. Kg3 h6 (42... Bc3 $5 {[%cal Rc3d2]} 43. Qd1 Bd4 $11) 43. Nf3 Bf6 44. Qd3 Kg7 45. Ra2 g5 46. fxg5 Bxg5 47. h4 Bf6 (47... Be3 $5 {[%cal Rd8f8]} 48. Re2 Bc1 $11) 48. Bb5 Be5+ (48... h5 $5 49. gxh5 Kh8 $16) 49. Nxe5 Rxe5 50. h5 $2 {[%mdl 8192]} (50. Ra7+ $1 $11 Re7 51. Ra8) 50... Qg5 $1 $19 {[%csl LRd5,LRg4]} 51. Ra7+ Kf8 (51... Kf6 $19 {and Black stays clearly on top.} 52. Qg6+ (52. Qf3+ $2 Bf5 $19) 52... Qxg6 53. hxg6 Rxd5) 52. Qf1+ $17 (52. Qf3+ $2 Bf5 $19) 52... Bf5 $1 53. Be2 (53. Qf3 $2 Re3 $19) 53... Qe3+ 54. Bf3 {[#]} Be4 (54... Bc2 $1 $17 55. Kg2 (55. Qa6 $2 Qg1+ 56. Kh3 Rxh5+ 57. gxh5 Bf5+ 58. Bg4 Qxg4+ 59. Kh2 Qh3+ 60. Kg1 Qg3+ 61. Kf1 Bd3+ 62. Qxd3 Qxd3+ $19) 55... Qd2+ 56. Kg3 Re3) 55. Ra8+ $2 {[%mdl 8192]} (55. Kg2 $1 $11 {and White has nothing to worry.} Qxf3+ 56. Qxf3+ Bxf3+ 57. Kxf3) 55... Kg7 56. Rd8 {[#]} Bxf3 $2 (56... Re7 $1 $19 57. Qa1+ Qc3 58. Qxc3+ bxc3 59. Bxe4 Rxe4 60. Rd7+ Kg8) 57. Qxf3 $11 {The position is equal.} Qxf3+ 58. Kxf3 Rxd5 $19 {[%mdl 4096] Endgame KR-KR} 59. Ke4 Rd1 {White must now prevent ...Kf6.} 60. Kf5 Rf1+ (60... c4 $5 61. Rd7+ Kf8 62. bxc4 Rf1+ 63. Kg6 Rg1 $16) 61. Ke6 Re1+ (61... c4 $5 62. Rd7+ Kg8 $11) 62. Kf5 ({Don't go for} 62. Kxd6 $2 Rd1+ 63. Kxc5 Rxd8 $19) 62... Re5+ 63. Kf4 Rd5 64. Ke4 Rd2 65. Kf5 $1 Rf2+ (65... c4 $5 66. Rd7+ Kf8 67. bxc4 Rf2+ 68. Kg6 Rg2 $16) 66. Ke6 Re2+ 67. Kf5 ({Avoid the trap} 67. Kxd6 $2 Rd2+ 68. Kc6 Rxd8 $19) 67... Rf2+ 68. Ke6 Re2+ 69. Kf5 ({Don't blunder} 69. Kxd6 $2 Rd2+ 70. Kxc5 Rxd8 $19) 69... Rf2+ 70. Ke6 Re2+ {Precision: White = 66%, Black = 59%.} 1/2-1/2

[Event "Turkey IS Bank Super League 2017"]
[Site "Darica-Kocaeli"]
[Date "2017.07.30"]
[Round "5"]
[White "Yilmaz, Mustafa"]
[Black "Safarli, Eltaj"]
[Result "1-0"]
[WhiteElo "2640"]
[BlackElo "2641"]
[Annotator "TA"]
[PlyCount "85"]
[EventType "team-tourn"]
[EventCountry "TUR"]
[SourceTitle "playchess.com"]
[Source "ChessBase"]
[SourceQuality "1"]

{[%evp 20,85,0,0,0,0,0,0,0,0,5,0,7,0,15,14,2,0,21,0,18,0,16,21,22,5,12,7,11,4,33,10,0,-9,20,20,36,41,32,19,18,25,139,127,258,158,184,139,416,103,298,295,290,297,366,370,370,363,360,359,411,415,433,366,384,376,358,281]} 1. d4 Nf6 2. c4 e6 3. Nf3 d5 4. Nc3 Bb4 5. Bg5 Nbd7 6. cxd5 exd5 7. Qc2 c5 8. dxc5 {D38: Queen's Gambit Declined: Ragozin Defence (4 Nf3 Bb4)} (8. g3 h6 9. Bf4 O-O 10. Bg2 cxd4 11. Nxd4 Qb6 12. Rd1 Bxc3+ 13. Qxc3 Ne4 14. Qa3 Ndf6 15. O-O Re8 {½-½ (66) Gelfand,B (2743)-Ponomariov,R (2709) Tashkent 2016}) 8... h6 9. Bd2 O-O 10. e3 Bxc5 11. Be2 {LiveBook: 15 Games} b6 12. O-O Bb7 13. Rfd1 Rc8 14. Rac1 Qe7 15. Be1 {[#]} a6 $146 ({Predecessor:} 15... Rfe8) 16. Qb1 b5 17. Bf1 Ne5 18. Nd4 Rfe8 19. Nce2 (19. b4 $5 Bxd4 20. Rxd4 $11) 19... Ne4 20. f3 Nc4 {Hoping for ...Ned2!} 21. fxe4 {Threatens to win with b4.} Nxe3 22. e5 Nxd1 23. Rxd1 {[%cal Bc1d1,Bd1d3,Bd3g3][%mdl 32]} Qxe5 24. Bf2 Qf6 (24... Bc6 $5) 25. Ng3 {[%mdl 1024] White has compensation.} g6 26. Rd3 Bb6 27. Qd1 Qg5 28. Nge2 b4 29. Rg3 Qf6 30. Rf3 Qe7 {[#]} (30... Qe5 $11) 31. Qd2 $1 $16 h5 (31... a5 $16) 32. Nf4 {And now Nxh5! would win.} ({Weaker is} 32. Qh6 Qe5 $11) 32... Bxd4 33. Qxd4 {Strongly threatening Nxh5!} Qe4 $2 {[%mdl 8192]} (33... Qd6 $16) 34. Qb6 $2 (34. Qf6 $18 {is the precise move to win. Intending Nxh5! and mate.} Qe5 {[#]} 35. Nxh5 $1 {[%mdl 512]} Qxf6 36. Nxf6+ Kf8 37. Nxe8 Kxe8 38. Rf6) 34... Rc1 $2 (34... d4 $16) 35. Re3 $18 Rxf1+ 36. Kxf1 Qc4+ 37. Ne2 Bc6 {If Black can now play ...Rxe3 this consolidates a bit.} 38. Rxe8+ Bxe8 39. Qd8 Qe4 {intending ...Qb1+.} 40. Bd4 a5 41. Qf6 {[%csl Gd4][%cal Rf6h8]} Kf8 42. Qd6+ Kg8 43. Qe5 {Precision: White = 62%, Black = 28%.} 1-0

[Event "Turkey IS Bank Super League 2017"]
[Site "Darica-Kocaeli"]
[Date "2017.07.30"]
[Round "5"]
[White "Solak, Dragan"]
[Black "Anton Guijarro, David"]
[Result "1/2-1/2"]
[WhiteElo "2624"]
[BlackElo "2654"]
[Annotator "TA"]
[PlyCount "88"]
[EventType "team-tourn"]
[EventCountry "TUR"]
[SourceTitle "playchess.com"]
[Source "ChessBase"]
[SourceQuality "1"]

{[%evp 24,88,-14,-29,0,-7,0,0,0,0,0,0,0,-5,0,-42,15,6,18,0,0,0,0,-37,-28,-41,-34,-50,-33,-55,-55,-55,-55,-56,-40,-59,-52,-53,-45,-57,0,-52,-52,-59,-48,-70,-62,-97,-97,-97,-97,-97,-97,-97,-97,-97,-97,-97,-97,-97,-97,-97,0,-27,0,-97,0]} 1. e4 e5 2. Nf3 Nc6 3. Bb5 a6 4. Bxc6 dxc6 5. O-O Bg4 6. h3 h5 7. d3 Qf6 8. Be3 Bxf3 9. Qxf3 Qxf3 10. gxf3 Bd6 11. Nd2 Ne7 12. Rfb1 {C68: Ruy Lopez: Exchange Variation, sidelines} c5 (12... Ng6 13. Kf1 c5 14. Nc4 Be7 15. a3 a5 16. b4 axb4 17. axb4 Rxa1 18. Rxa1 cxb4 19. Ra8+ Bd8 20. Na5 b6 {½-½ (40) Solak,D (2641)-Ding,L (2783) Khanty-Mansiysk 2017}) 13. Kf1 {LiveBook: 9 Games} Nc6 14. c3 {The position is equal.} f6 15. Nc4 {[#]} Kf7 $146 ({Predecessor:} 15... Be7 16. a4 g5 17. a5 Kf7 18. Ke2 Rhb8 19. h4 gxh4 {1-0 (80) Filippov,A (2617)-Saric,I (2638) Istanbul 2012}) 16. a3 a5 17. a4 g5 18. Ke2 (18. h4 $5) 18... b6 19. Rh1 (19. h4 $5) 19... Rh7 ({Black should try} 19... h4 $15) 20. Rac1 Ke6 21. Rhd1 Rd8 22. Na3 Rhd7 23. Nb5 (23. h4 $5) 23... Ne7 24. Rh1 Ng6 25. Rhd1 Be7 (25... c6 $5 {[%cal Rc6b5]} 26. Na3 Kf7 $15) 26. Na7 Ra8 27. Nb5 Kf7 28. Rd2 Rad8 29. Rdd1 Bf8 30. Na3 Ke6 31. Nb5 Kf7 32. Na3 $1 Bd6 33. Nb5 Be7 (33... c6 $5 {[%cal Rc6b5]} 34. Nxd6+ Rxd6 $15) 34. Na3 Ke6 35. Nc4 f5 36. exf5+ Kxf5 37. Rd2 Rd5 38. Rg1 Bf6 39. Rdd1 R5d7 40. Bc1 Be7 41. Ne3+ Ke6 42. Nc4 Kf5 (42... Nf4+ $17 43. Bxf4 exf4) 43. Ne3+ $1 $11 Ke6 (43... Kf6 $11 44. Nf1 {[#]} c4 $1 {[%mdl 512]} 45. Bxg5+ Ke6) 44. Nc4 $17 Kf5 {Precision: White = 58%, Black = 40%.} (44... Nf4+ $17 45. Bxf4 exf4) 1/2-1/2

[Event "Turkey IS Bank Super League 2017"]
[Site "Darica-Kocaeli"]
[Date "2017.07.30"]
[Round "5"]
[White "Tari, Aryan"]
[Black "Maghsoodloo, Parham"]
[Result "1/2-1/2"]
[WhiteElo "2595"]
[BlackElo "2584"]
[Annotator "TA"]
[PlyCount "60"]
[EventType "team-tourn"]
[EventCountry "TUR"]
[SourceTitle "playchess.com"]
[Source "ChessBase"]
[SourceQuality "1"]

{[%evp 20,60,51,46,48,22,29,22,28,30,41,40,31,23,11,8,4,7,12,8,14,10,11,0,21,12,12,8,8,0,0,0,0,0,0,0,0,0,0,0,0,0,0]} 1. d4 {[%cal Bd2d4,Bd4e5][%mdl 32]} Nf6 2. c4 e5 3. dxe5 Ng4 4. Bf4 Nc6 5. Nf3 Bb4+ 6. Nbd2 Qe7 7. a3 Ngxe5 8. Nxe5 Nxe5 9. e3 Bxd2+ 10. Qxd2 O-O 11. c5 {LiveBook: 6 Games. A52: Budapest Gambit} (11. Be2 d6 12. O-O b6 13. Rfd1 Bb7 14. Qc3 Nd7 15. b4 a6 16. Rd2 f5 17. Bg3 Rfe8 18. Rad1 Kh8 19. Bd3 {½-½ (19) Cerveny,M (2347)-Bryzgalin,K (2469) Pardubice 2011}) 11... Rd8 12. Qd5 d6 13. cxd6 {White has an edge.} cxd6 14. Be2 Be6 15. Qd2 $146 ({Predecessor:} 15. Qd4 f6 16. O-O Rac8 17. Rfd1 Nc6 18. Qa4 {1-0 (43) Leal,J (2103)-Santana,G Matinhos 1999}) 15... Bc4 16. Bxc4 Nxc4 17. Qd4 {The position is equal.} d5 18. O-O Na5 {[#] And now ...Nb3 would win.} 19. Qb4 Nc6 20. Qxe7 Nxe7 21. Be5 f6 22. Bd4 Kf7 23. Rfd1 Nc6 24. Kf1 Ke6 25. Ke2 Rac8 26. Rac1 Nxd4+ 27. exd4 b6 28. Kd3 Kd7 29. Re1 Rxc1 30. Rxc1 Rc8 {Precision: White = 70%, Black = 83%.} 1/2-1/2

[Event "Turkey IS Bank Super League 2017"]
[Site "Darica-Kocaeli"]
[Date "2017.07.30"]
[Round "5"]
[White "Pantsulaia, Levan"]
[Black "Yilmaz, Goktan"]
[Result "1-0"]
[WhiteElo "2585"]
[BlackElo "2202"]
[Annotator "TA"]
[PlyCount "95"]
[EventType "team-tourn"]
[EventCountry "TUR"]
[SourceTitle "playchess.com"]
[Source "ChessBase"]
[SourceQuality "1"]

{[%evp 27,95,6,4,0,0,-17,-21,-21,-18,-20,-14,-25,-29,-43,-38,-44,-31,-30,-24,-14,0,0,72,65,54,47,56,22,39,19,195,174,190,118,119,112,320,296,435,432,402,315,310,225,312,314,311,301,384,326,464,468,464,448,514,514,512,512,511,494,468,304,320,278,612,608,626,622,558,563]} 1. c4 e6 2. g3 Nf6 3. Bg2 d5 4. Nf3 Be7 5. O-O O-O 6. b3 c5 7. e3 Nc6 8. Bb2 d4 9. exd4 cxd4 10. Re1 Ne8 11. Ne5 {A14: English Opening: 1...e6 with b3 by White} Nxe5 12. Rxe5 f6 13. Re1 e5 14. f4 (14. Ba3 Nd6 15. d3 Nf7 16. Bxe7 Qxe7 17. Nd2 Qc7 18. b4 Bd7 {½-½ (35) Giri,A (2782)-Nakamura,H (2787) Paris 2016}) 14... exf4 {LiveBook: 12 Games} 15. Qf3 fxg3 16. Qd5+ (16. Qxg3 $5 {[%cal Rg2d5]} Bc5 17. Ba3 $11) 16... Kh8 {Strongly threatening ...gxh2+.} 17. hxg3 Qxd5 18. Bxd5 Bd6 19. Bxd4 {[#]} Nc7 $146 20. Nc3 Bxg3 21. Bf2 $1 {[%cal Rf2g3]} Nxd5 (21... Bf4 $5 {[%cal Rf4d2]} 22. Be3 Nxd5 23. Nxd5 Bd6 $15) 22. Nxd5 Bxf2+ 23. Kxf2 Bg4 24. Re7 $36 {[%mdl 2048] White is pushing.} Rae8 (24... b6 $11 {remains equal.}) 25. Rae1 $16 Rxe7 26. Rxe7 $14 {[%mdl 4096] Endgame KRB-KRN} Bc8 27. Rc7 {Threatens to win with Ne7.} g5 28. d4 Bh3 $2 (28... Be6 $1 $11 {and Black is okay.}) 29. Rxb7 $18 f5 30. Rxa7 (30. c5 $1 $18) 30... f4 $16 31. Re7 Bf5 $2 (31... g4 $16 32. Re4 g3+ 33. Kf3 Bf1) 32. c5 Bd3 (32... h5 $142 33. c6 h4) 33. c6 $18 g4 34. c7 Ba6 35. Nc3 {aiming for d5.} g3+ 36. Kf3 h5 {[#] With the idea ...Bc8.} 37. Re5 $1 {[%cal Re5h5]} Kg7 38. Rxh5 Kg6 (38... Bb7+ {was worth a try.} 39. Ne4 Kg6 40. Rg5+ Kh6) 39. Rc5 Bb7+ 40. d5 Kf5 41. Nb5 Ke5 {[#]} 42. Na7 $1 Rg8 {...g2 is the strong threat.} 43. c8=Q Bxc8 44. Rxc8 Rg7 45. Nc6+ Kxd5 $2 (45... Kd6 46. Rd8+ Kc7) 46. Nb4+ {White is clearly winning.} Kd6 {intending ...g2.} 47. Rc6+ Kd7 48. Rc2 {Precision: White = 66%, Black = 54%.} 1-0

[Event "Turkey IS Bank Super League 2017"]
[Site "Darica-Kocaeli"]
[Date "2017.07.30"]
[Round "5"]
[White "Paichadze, Luka"]
[Black "Mchedlishvili, Mikheil"]
[Result "1/2-1/2"]
[WhiteElo "2581"]
[BlackElo "2602"]
[Annotator "TA"]
[PlyCount "62"]
[EventType "team-tourn"]
[EventCountry "TUR"]
[SourceTitle "playchess.com"]
[Source "ChessBase"]
[SourceQuality "1"]

{[%evp 33,62,36,42,17,52,33,60,58,61,62,59,25,25,25,25,25,31,17,17,17,17,17,17,13,13,10,10,9,9,9,14]} 1. e4 e5 2. Nf3 Nc6 3. d4 exd4 4. Nxd4 Nf6 5. Nc3 Bb4 6. Nxc6 bxc6 7. Bd3 d5 8. exd5 cxd5 9. O-O O-O 10. Bg5 c6 11. Qf3 h6 12. Bxf6 Qxf6 13. Qxf6 gxf6 14. Ne2 Bd6 15. Nd4 {C47: Scotch Four Knights and Four Knights with 4 g3} (15. Rad1 Rb8 16. b3 Re8 17. h3 Rb6 18. Ng3 c5 19. Rfe1 Rxe1+ 20. Rxe1 Be6 21. c4 dxc4 22. Bxc4 Bxg3 23. fxg3 Bxc4 24. bxc4 {½-½ (33) Hou,Y (2651)-Ding,L (2760) Sharjah 2017}) 15... c5 16. Nf5 Bxf5 17. Bxf5 Rfe8 {LiveBook: 7 Games} 18. Rfe1 Kf8 19. g3 Rxe1+ 20. Rxe1 $14 {[%mdl 4096] Endgame KRB-KRB} Rd8 $146 ({Predecessor:} 20... Re8 21. Rxe8+ Kxe8 22. Kf1 Be5 {½-½ (32) Kasperek,J (2049)-Szewczyk,G (1953) Jastrzebia Gora 2016}) 21. Rd1 Be5 22. Be4 Bxb2 23. Rxd5 Rxd5 24. Bxd5 $11 {KB-KB} Ke7 25. f4 f5 {The position is equal.} 26. Kf2 Kf6 27. Kf3 Bd4 28. h4 Bc3 29. h5 Bd4 30. g4 fxg4+ 31. Kxg4 Be3 1/2-1/2

[Event "Turkey IS Bank Super League 2017"]
[Site "Darica-Kocaeli"]
[Date "2017.07.30"]
[Round "5"]
[White "Tukhaev, Adam"]
[Black "Korobov, Anton"]
[Result "1-0"]
[WhiteElo "2558"]
[BlackElo "2668"]
[Annotator "TA"]
[PlyCount "103"]
[EventType "team-tourn"]
[EventCountry "TUR"]
[SourceTitle "playchess.com"]
[Source "ChessBase"]
[SourceQuality "1"]

{[%evp 20,103,3,2,16,0,12,0,5,-39,-32,-27,-6,-8,-11,-2,-12,-10,-23,-42,-39,-31,-39,-55,-35,-48,-41,-41,-46,-36,-40,-50,-33,-42,-42,-75,-46,-63,0,-70,0,-66,-58,-70,-22,-35,-34,-57,0,0,0,-18,-22,-15,-19,-28,-9,0,142,147,127,133,141,129,139,129,119,128,139,133,139,139,137,115,170,179,167,181,175,159,168,164,434,434,434,434]} 1. e4 c5 2. Nf3 d6 3. d4 cxd4 4. Nxd4 Nf6 5. Nc3 a6 6. Be2 e5 7. Nb3 Be7 8. O-O O-O 9. Kh1 b6 10. f3 Bb7 11. a4 {LiveBook: 61 Games} d5 {B92: Sicilian Najdorf: 6 Be2} (11... Nc6 12. Bg5 Nb4 13. Nb1 h6 14. Bxf6 Bxf6 15. Na3 Qc7 16. c3 Nc6 17. Nc4 Rfd8 18. Qd3 Ne7 19. Qe3 {½-½ (39) Ivanchuk,V (2747)-Vachier Lagrave,M (2804) Doha 2016}) 12. exd5 Nxd5 13. Nxd5 Qxd5 {The position is equal.} 14. c4 $146 ({Predecessor:} 14. Bd3 Qe6 15. Be3 Nd7 16. Qe2 Rfc8 17. Rfe1 Nf6 18. Bg5 Bb4 19. Nd2 h6 20. Bxf6 Bxd2 21. Qxd2 Qxf6 22. Qe3 Re8 23. Rad1 Rad8 {½-½ (23) Arzumanian,G (2418)-Areshchenko,A (2542) Kramatorsk 2003}) 14... Qe6 $1 15. a5 b5 16. cxb5 Bd5 17. Nd2 axb5 18. Bxb5 Nc6 19. a6 Rfb8 {[%mdl 1024] Black has compensation.} 20. Bd3 Nb4 21. a7 Rd8 22. Bb1 Rd7 23. Qe2 Rdxa7 24. Rxa7 Rxa7 25. Re1 Bh4 26. Rd1 Rd7 27. Qb5 Rb7 28. Qe2 Rd7 29. Qb5 Rb7 30. Qe2 f5 {[#]} 31. b3 $1 {[%cal Bb2b3,Bb3c4,Bc4c5,Bc5c6][%mdl 544]} Bf6 (31... Bxb3 32. Nxb3) 32. Nc4 g6 33. Qd2 e4 (33... Rb8 $15) 34. fxe4 $11 fxe4 35. Ba3 Bxc4 36. bxc4 e3 37. Qe2 Nc6 38. Ba2 Nd4 (38... Kg7 $11) 39. c5 $16 Nxe2 40. Bxe6+ Kg7 41. c6 Rc7 42. Bd7 {[#] Hoping for Bd6.} Nc3 43. Re1 {Strongly threatening Bd6.} Nb5 44. Rxe3 Nxa3 45. Rxa3 {[%mdl 4096] Endgame KRB-KRB} Bd4 46. Ra4 Be3 (46... Bb6 $16 47. g3 Kf6) 47. g3 $18 Kf6 48. Kg2 Ke5 49. Kf3 Bc5 50. Ra8 Kf6 $2 (50... h5 {keeps fighting.} 51. Re8+ Kf6 52. Re6+ Kf7) 51. Ke4 Bg1 52. Kd5 {Precision: White = 63%, Black = 44%.} 1-0